| 000 | 00789nam a2200241 a 4500 | ||
|---|---|---|---|
| 001 | BRCA_6436 | ||
| 005 | 20190320205443.0 | ||
| 008 | 220911s1995----mx-a######---#000-0#spa-# | ||
| 020 | _a9683637558 | ||
| 041 | _aspa | ||
| 044 | _amx | ||
| 050 | 4 |
_aNX650 _b.A78 1995 |
|
| 245 | 1 | 0 |
_aEl arte y la vida cotidiana _cedición a cargo de Elena Estrada de Gerlero. |
| 260 |
_aMéxico _bUNAM, Instituto de Investigaciones Estéticas _c1995 |
||
| 300 |
_a333 p. _bil. _c24 cm. |
||
| 500 | _aA la cabeza del título: XVI Coloquio Internacional de Historia del Arte | ||
| 500 | _aEjemplar engargolado | ||
| 500 | _aPor política no se presta a domicilio | ||
| 650 | 1 | 4 |
_aTiempo en el arte _vCongresos _916081 |
| 700 | 1 |
_aEstrada de Gerlero, Elena _eed. _95743 |
|
| 902 | _aeng | ||
| 942 |
_2lcc _cB |
||
| 999 |
_c6120 _d6120 |
||